Steam power stations

保存先:
書誌詳細
第一著者: Gaffert, Gustaf A (著者)
フォーマット: 図書
言語:英語
出版事項: Nueva York McGraw Hill 1952
版:4a. ed
主題:
タグ: タグ追加
タグなし, このレコードへの初めてのタグを付けませんか!

MARC

LEADER 00000nam a2200000 a 4500
001 UCP0913
003 CL-VaPUC
008 990319e19520000US |||||||||||||||||eng|d
082 0 4 |a 621.19  |b GAF  |2 21 
100 |a Gaffert, Gustaf A  |e author  |9 426576 
245 1 0 |a Steam power stations 
250 |a 4a. ed 
300 |a 637 p 
942 |c BK 
945 |d 19990319 00:00:00  |a lriquelm 
260 |a Nueva York  |b McGraw Hill  |c 1952 
650 0 |a Centrales termoeléctricas   |9 263330 
650 0 |a Máquinas de vapor  |9 406138 
650 0 |a Turbinas de vapor  |9 260975 
650 0 |a Transmisión de calor  |9 259410 
650 7 |a CONDENSADORES  |2 CL-VaPUC  |9 401730 
650 0 |a Calderas de vapor  |9 260645 
650 7 |a BOMBAS  |2 CL-VaPUC  |9 259418 
583 |a last modification  |c 19990319 00:00:00  |k Rodrigo Vera 
999 |c 279647  |d 279645